Made in France - Statistics

General Stats
  • This quiz has been taken 61 times
  • The average score is 2 of 15
Answers on the Grid
Answers color-coded by a green-red scale on the quiz's grid according to % correct below.
Guillotine
Sewing Machine
Baguette
Tanks
Margarine
French braid
Sourdough
Printer
Crème Brûlée
Bicycle
Croissants
Bidet
Raclette
French Toast
Vinaigrette
Hair Dryer
Foie Gras
Bayonette
Reinforced concrete
French Bulldog
Sweatpants
Toothbrush
Taxi
Parkour
Vaccines
Binoculars
Aspirin
Crullers
Yoga Pants
Quiche
 
Answer Stats
Answer % Correct
Guillotine
96%
Baguette
46%
Margarine
12%
Tanks
8%
Bayonette
4%
Bidet
4%
Foie Gras
4%
Hair Dryer
4%
Parkour
4%
Reinforced concrete
4%
Sweatpants
4%
Taxi
4%
Vinaigrette
4%
Aspirin
0%
Binoculars
0%
No matching quizzes found
Score Distribution
Percent of People with Each Score
Percentile by Number Answered
Your Score History
You have not taken this quiz